000 00833nam a2200217Ia 4500
003 OSt
005 20250530115536.0
008 210719s2020 xx 000 0 und d
040 _cAL
041 _aKannada
082 _a398.2K SHEK
100 _aSHETTY (Talluru Shivarama)
_dಶೆಟ್ಟಿ (ತಲ್ಲೂರು ಶಿವರಾಮ)
_9211791
245 _aKalasanchaya: dakshina bharatada kelavu anushtana kalegalu
_bಕಲಾಸಂಚಯ: ದಕ್ಷಿಣ ಭಾರತದ ಕೆಲವು ಅನುಷ್ಠಾನ ಕಲೆಗಳು
260 _aUdupi
_bTallur's family Trust (R)
_c2020
300 _axxiv,236
_bPB
365 _b300
_cRs
650 _aFolklore
_9211792
650 _aYakshagana
_9211793
906 _aanushtana ; bharatada ; dakshina ; Kalasanchaya: ; kalegalu ; kelavu ; Yakshagana
942 _2ddc
_cBK
999 _c211796
_d211796